| 000 | 00468nam a22001697a 4500 | ||
|---|---|---|---|
| 999 |
_c18682 _d18682 |
||
| 008 | 210111b xxu||||| |||| 00| 0 eng d | ||
| 020 | _a3642195976 | ||
| 050 |
_aQC21 _b.C43 2014 c.1 |
||
| 100 | _aChaichian, Masud | ||
| 245 |
_aBasic Concepts in Physics _bfrom the cosmos to quarks _cMasud Chaichian |
||
| 260 |
_aLondon _bSpringer _c2014 |
||
| 300 | _axii, 377p. | ||
| 650 | _aPhysics | ||
| 700 | _aHugo Perez Rojas | ||
| 700 | _aAnca Tureanu | ||
| 942 |
_2lcc _cBK |
||